| 000 | 00685 a2200181 4500 | ||
|---|---|---|---|
| 999 |
_c9361 _d9361 |
||
| 020 | _a9781455725892 | ||
| 050 | 0 | 0 | _aKF9201TER2013 |
| 100 | 1 | _aTerrill, Richard J. | |
| 245 | 1 | 0 |
_aWorld criminal justice systems : _ba comparative survey / _cRichard J. Terrill. |
| 250 | _a8th ed. | ||
| 264 |
_aNew York: _bElsevier, _c2013 |
||
| 300 |
_axiv, 723 p. : _bmaps ; |
||
| 500 | _aIncludes bibliographical references (p. 639-665) and indexes. | ||
| 650 | 0 | _aCriminal justice, Administration of. | |
| 650 | 0 | _aCriminal justice, Administration of | |
| 942 |
_2lcc _cBK _h9201 _iTER _kKF |
||